[Event "Moscow Open RSSU Cup 2020"]
[Site "Moscow"]
[Date "2020.01.26"]
[Round "2.2"]
[White "Chekletsov, Ilya"]
[Black "Petrosyan, Manuel"]
[Result "0-1"]
[WhiteElo "2372"]
[BlackElo "2590"]
[Annotator "TA"]
[PlyCount "48"]
[EventDate "2020.01.25"]
[EventType "swiss"]
[EventCountry "RUS"]
[SourceTitle "playchess.com"]
[Source "ChessBase"]
[SourceQuality "1"]

{[%evp 9,108,0,10,-22,-2,-31,0,-36,-35,-45,-31,-20,-44,-58,-56,-67,0,-42,-25,-39,-38,-29,-8,-30,-41,-53,-52,-86,-84,-84,-84,-84,-84,-85,-83,-83,-80,-85,-65,-68,-58,-105,-51,-66,-29,-55,-33,-32,-26,-52,-43,-68,-7,-47,-41,-54,-49,-38,-45,-77,-77,-79,-79,-175,-141,-198,-183,-195,-187,-281,-292,-361,-350,-630,-636,-660,-649,-585,-660,-790,-775,-660,-521,-514,-514,-691,-955,-962,-962,-962,-882,-644,-637,-629,-607,-591,-391,-1979,-1972,-1972,-1738]} 1. d4 Nf6 2. c4 g6 3. Nc3 d5 4. Nf3 Bg7 5. h4 c6 6. Bg5 {D90: Grünfeld: 4 Nf3 Bg7 sidelines.} dxc4 7. e4 Be6 8. e5 {The position is equal.} Nd5 9. h5 {[#]} Nxc3 $146 ({Predecessor:} 9... Nd7 10. h6 Bf8 11. Ne4 f6 12. Bd2 b5 13. a4 Bf5 14. Ng3 e6 15. Nxf5 exf5 16. axb5 cxb5 {0-1 (37) Kasparov,G (2812)-Nepomniachtchi,I (2751) Saint Louis 2017}) 10. bxc3 Nd7 11. h6 Bf8 12. Be2 Bd5 (12... f6 $15 13. Bf4 Qa5) 13. a4 Qa5 14. Qc2 f6 15. Bf4 Bxf3 16. gxf3 Nb6 17. exf6 exf6 18. Bc7 Kd7 19. Bxb6 axb6 20. Bxc4 Bd6 21. Kf1 Rhe8 22. Bb3 Kc7 23. Rd1 Rad8 24. d5 Qa6+ {Played: Bd6-e5} 0-1

[Event "Moscow Open RSSU Cup 2020"]
[Site "Moscow"]
[Date "2020.01.26"]
[Round "2.3"]
[White "Timofeev, Artyom"]
[Black "Murtazin, Bulat"]
[Result "1/2-1/2"]
[WhiteElo "2588"]
[BlackElo "2369"]
[Annotator "TA"]
[PlyCount "46"]
[EventDate "2020.01.25"]
[EventType "swiss"]
[EventCountry "RUS"]
[SourceTitle "playchess.com"]
[Source "ChessBase"]
[SourceQuality "1"]

{[%evp 9,46,-16,-4,-5,2,-10,-4,0,0,0,-6,-6,22,-35,-32,-12,-19,-19,-2,-39,62,60,66,56,57,-19,-20,-20,-23,-25,-24,-13,-22,-67,976,238,457,-44,364]} 1. f4 d5 2. Nf3 g6 3. e3 Bg7 4. Be2 Nf6 5. d4 b6 6. c4 $146 {A03: Bird's Opening with 1...d5} ({Predecessor:} 6. c3 O-O 7. O-O c5 8. Ne5 Ba6 9. Bxa6 Nxa6 10. Qe2 Nc7 11. Nd2 e6 12. b3 Nce8 13. Bb2 Nd6 14. Rfd1 cxd4 15. cxd4 Nfe4 16. Nxe4 Nxe4 17. Rdc1 Bxe5 18. dxe5 Qd7 19. Rc2 {½-½ (41) Mamedjarova,Z (2235)-Houska,J (2391) Reykjavik 2015}) 6... e6 7. O-O O-O 8. Nc3 {The position is equal.} c5 9. cxd5 exd5 10. Ne5 Ba6 11. Nb5 ({Better is} 11. Bxa6 $11 Nxa6 12. b3) 11... Ne4 $15 12. b3 Bb7 13. Bb2 Nc6 14. Bd3 (14. Nc3 {with more complications.} Nxe5 15. dxe5 Nxc3 16. Bxc3 f6 17. exf6 Bxf6 18. Qd3) 14... Ne7 ({Black should try} 14... Nb4 $15) 15. Bxe4 $1 $14 dxe4 16. dxc5 bxc5 17. Qxd8 (17. Qc2 $14) 17... Rfxd8 $11 18. Rfd1 Nd5 $36 {[%mdl 2048] Black is more active.} 19. Kf2 Ba6 20. a4 Rab8 21. Nc6 Be5 $2 {[%mdl 8192] [#]} (21... Bxb2 $15 22. Rab1 Bxb5 23. axb5 Nc3 {[%mdl 64] Double Attack} 24. Rxd8+ Rxd8 25. Rxb2 Rd3) 22. Bc3 $2 (22. Bxe5 Rbc8 23. Rxd5 {[%mdl 64] Remove Defender, Decoy} Rxd5 24. Ne7+ {[%mdl 64] Double Attack} Kf8 25. Nxd5) 22... Bxc3 $2 (22... Bxb5 23. axb5 Bxc3 24. Rxa7 Re8) 23. Rab1 $2 (23. Nxc3 $18 Nxc3 24. Rxd8+ Rxd8 25. Nxd8) 23... Bb2 $2 {[%mdl 40960] Accuracy: White = 37%, Black = 32%. . An unexpected result.} (23... Bf6 $15 {stays ahead.} 24. Nxb8 Bb7 25. Rxd5 Rxd5 26. Nxa7 Rd2+ 27. Kg1 g5) 1/2-1/2

[Event "Moscow Open RSSU Cup 2020"]
[Site "Moscow"]
[Date "2020.01.26"]
[Round "2.4"]
[White "Savchenko, Boris"]
[Black "Kotenko, Pavel"]
[Result "1-0"]
[WhiteElo "2573"]
[BlackElo "2365"]
[Annotator "TA"]
[PlyCount "127"]
[EventDate "2020.01.25"]
[EventType "swiss"]
[EventCountry "RUS"]
[SourceTitle "playchess.com"]
[Source "ChessBase"]
[SourceQuality "1"]

{[%evp 19,127,21,47,37,60,30,31,36,62,19,17,22,30,20,13,11,23,17,9,18,19,7,19,6,14,0,0,0,0,0,0,0,0,0,0,0,0,0,0,0,6,0,6,6,6,0,6,0,6,6,6,0,0,0,0,0,0,0,0,0,0,0,0,0,0,0,0,0,0,0,0,0,0,0,0,0,0,0,0,-21,0,0,0,0,0,-105,7,0,0,0,0,0,7,7,7,7,7,7,7,7,78,78,81,29,29,29,108,108,314,314]} 1. c4 e6 2. Nc3 d5 3. d4 Nf6 4. Bg5 Be7 5. e3 Nbd7 6. Nf3 O-O 7. Qc2 a6 8. cxd5 exd5 9. Bd3 Re8 10. O-O Nf8 {[%cal Bd7f8,Bf8e6,Be6g7,Bg7f5,Bf5d6,Bd6c4][%mdl 32]} 11. h3 {D61: Queen's Gambit Declined: Classical: 7 Qc2.} g6 {[#]} 12. b4 $146 ({Predecessor:} 12. Rfc1 Ne6 13. Bh4 Ng7 14. Qb3 c6 15. Bxf6 Bxf6 16. Na4 Qd6 17. Rc3 Rb8 18. Nc5 {0-1 (39) Morales Romero,R (2277)-Olivera Medrano,J (2396) Havana 2010}) 12... Ne6 13. Bh4 {White is slightly better.} Ng7 14. Qb3 c6 15. a4 Bf5 16. Bxf6 Bxf6 17. Bxf5 Nxf5 18. b5 axb5 19. axb5 Nd6 20. Qc2 Nc4 ({Much weaker is} 20... Nxb5 21. Rxa8 Qxa8 22. Nxb5 $16) 21. bxc6 bxc6 22. Na4 Qa5 23. Ra2 Reb8 24. Rfa1 {Threatens to win with Nb6!} Qd8 25. Nc5 Be7 26. Nd3 Bd6 27. Nd2 Nxd2 28. Qxd2 Rxa2 29. Qxa2 Qd7 30. Qa6 Kg7 31. Rc1 Rc8 32. Rb1 Qe8 {White must now prevent ...Ra8.} 33. Rc1 Qd7 34. Kf1 Rc7 35. Rb1 Ra7 36. Qb6 Qf5 37. Rd1 Ra3 38. Qb1 Bg3 {aiming for ...Rxd3!} 39. Qc2 Bd6 40. Ke2 Qd7 41. Rb1 Ra6 42. Rb2 Qa7 43. Qb3 Ra1 44. Rb1 Ra2+ 45. Kf3 Ra3 46. Qc2 Qa6 47. Nc1 h5 48. Rb2 Ra1 49. Ne2 Ra3 50. g3 Ra1 {White should prevent ...Rh1.} 51. Rb1 Ra2 52. Rb2 (52. Rb6 $11 {remains equal.}) 52... Ra1 (52... Rxb2 $17 53. Qxb2 Qd3 $1 {[%mdl 512]}) 53. Rb1 Ra2 {[#]} (53... Ra4 {is interesting.} 54. Kg2 Rc4 55. Qd3 Qa2 56. Nc1 Qa6) 54. Rb6 $1 {[%mdl 512]} Rxc2 (54... Qxb6 55. Qxa2) 55. Rxa6 $11 {[%mdl 4096] Endgame KRB-KRN} Kf6 56. h4 Ke6 57. Ng1 Kd7 58. Ra7+ Ke6 59. Nh3 {Threatening mate with Ng5+.} Be7 (59... f6 $1 $11) 60. Nf4+ Kf6 61. Ra6 (61. Rd7 $16) 61... Kg7 62. Nd3 Bd6 {[#]} (62... Rc3 $1 $11 {keeps the balance.}) 63. Nc5 $1 $16 {[%mdl 512]} Bxc5 $2 (63... Kf8 $16 {was called for.} 64. Rb6 (64. Rxc6 Ke7 $16) 64... Rc1) 64. Rxc6 {[%mdl 64] Pin. Accuracy: White = 92%, Black = 85%.} 1-0

[Event "Moscow Open RSSU Cup 2020"]
[Site "Moscow"]
[Date "2020.01.26"]
[Round "2.5"]
[White "Bykov, Oleg"]
[Black "Sychev, Klementy"]
[Result "1/2-1/2"]
[WhiteElo "2366"]
[BlackElo "2563"]
[Annotator "TA"]
[PlyCount "64"]
[EventDate "2020.01.25"]
[EventType "swiss"]
[EventCountry "RUS"]
[SourceTitle "playchess.com"]
[Source "ChessBase"]
[SourceQuality "1"]

{[%evp 21,64,8,25,0,0,0,2,-7,-23,-14,-14,-36,0,-27,-33,-38,-27,-56,-54,-43,-30,-68,-22,-22,-12,-20,-20,-31,0,0,0,0,8,5,3,5,8,8,8,6,7,4,60,65,37]} 1. d4 Nf6 2. c4 g6 3. Nc3 d5 4. cxd5 Nxd5 5. e4 Nxc3 6. bxc3 Bg7 7. Bc4 c5 8. Ne2 Nc6 9. Be3 O-O 10. O-O Na5 11. Bd3 b6 12. e5 {D87: Exchange Grünfeld: Classical Line: Variations without ...cxd4} Bb7 13. h4 {[#]} e6 $146 ({Predecessor:} 13... Rc8 14. Nf4 cxd4 15. cxd4 Nc4 16. Qg4 Ba6 17. Rad1 Nxe3 18. fxe3 Bxd3 19. Rxd3 e6 {½-½ (31) Peralta,F (2580)-Artemiev,V (2709) Caleta 2019}) 14. Bg5 {The position is equal.} f6 15. exf6 Bxf6 16. Bh6 Rf7 {[%cal Rc5d4]} 17. h5 Bg5 18. hxg6 hxg6 19. Bxg5 Qxg5 {[%csl Gb7][%cal Rg5g2] [#]} 20. Ng3 $1 cxd4 21. cxd4 Rh7 22. Qe1 $1 {[%cal Re1e6]} Bd5 {Threatens to win with ...Qh4.} ({Don't play} 22... Qd5 $6 23. Be4 $14) 23. Be4 Qh4 {[%csl Gh7][%cal Rh4h2] [#]} 24. f4 Nc4 {Hoping for ...Qh2+.} 25. Bxd5 exd5 26. Qe6+ Kh8 $132 {[%mdl 2048] Black is fighting back} 27. Qxd5 Rd8 28. Qg5 Rxd4 29. Rae1 Qh2+ 30. Kf2 {Intending Re8+ and mate.} Rd2+ $1 31. Re2 Rxe2+ (31... Qh4 $1 $11) 32. Nxe2 $14 Qh4+ $1 {Accuracy: White = 70%, Black = 48%.} 1/2-1/2

[Event "Moscow Open RSSU Cup 2020"]
[Site "Moscow"]
[Date "2020.01.26"]
[Round "2.6"]
[White "Tsydypov, Zhamsaran"]
[Black "Khayrullin, Denis"]
[Result "1-0"]
[WhiteElo "2553"]
[BlackElo "2350"]
[Annotator "TA"]
[PlyCount "61"]
[EventDate "2020.01.25"]
[EventType "swiss"]
[EventCountry "RUS"]
[SourceTitle "playchess.com"]
[Source "ChessBase"]
[SourceQuality "1"]

{[%evp 14,77,8,25,37,35,44,51,48,28,34,12,4,17,24,18,43,16,17,16,15,-97,51,46,48,32,72,50,125,127,117,110,129,87,124,0,0,0,0,0,0,0,0,0,0,0,0,0,0,0,0,0,325,325,309,309,388,270,370,267,468,377,29994,723,29995,29996]} 1. e4 c5 2. Nf3 d6 3. d4 cxd4 4. Nxd4 Nf6 5. Nc3 a6 6. Bg5 Nbd7 7. Bc4 h6 8. Bh4 g6 {B94: Sicilian Najdorf: 6 Bg5 Nbd7} 9. Qe2 Bg7 10. O-O-O O-O {White is slightly better.} 11. f4 (11. Bb3 Qc7 12. Kb1 Rb8 13. f4 e5 14. fxe5 dxe5 15. Nf3 b5 16. g4 {1-0 (61) Nepomniachtchi,I (2751)-Korobov,A (2678) Poikovsky 2018}) 11... Qc7 12. Rhf1 b5 13. Bb3 Bb7 14. Bxf6 Bxf6 {[#]} 15. Qg4 $146 {Qxg6+ would kill now.} (15. f5 $5 {[%cal Rf5g6]} g5 16. Nd5 Bxd5 17. Bxd5 $11) ({Predecessor:} 15. f5) 15... Kh7 16. f5 {aiming for Bxf7!} g5 17. h4 (17. Qh5 $11 {remains equal.} Ne5 18. a3) 17... Bxd4 ({Better is} 17... b4 $1 $17 {[%cal Rb4c3]} 18. Rh1 Rg8) 18. Rxd4 $14 Nf6 19. Qe2 Qc5 20. Rfd1 {And now hxg5 would win.} g4 ({Black should play} 20... Qe5 $14) 21. Bd5 $1 $16 {[%cal Rd5b7]} Rab8 {[#]} 22. Bxb7 $1 Rxb7 23. Nd5 Rc8 24. b4 (24. Nxf6+ $16 exf6 25. Rxd6) 24... Qa7 $11 25. Kb1 a5 $1 26. Nxf6+ exf6 27. Rxd6 axb4 {...Ra8 is the strong threat.} 28. Qd2 $36 {[%mdl 2048] Black is under pressure.} ({Of course not} 28. Rxf6 Ra8 $19) 28... Ra8 29. Qd5 Rc7 30. Rxf6 {Hoping for e5.} Rd7 $1 {[%cal Rd7d5]} 31. Qxd7 {Played: Rf6xh6} 1-0

[Event "Moscow Open RSSU Cup 2020"]
[Site "Moscow"]
[Date "2020.01.26"]
[Round "2.7"]
[White "Saveliev, Alexei"]
[Black "Sindarov, Javokhir"]
[Result "0-1"]
[WhiteElo "2361"]
[BlackElo "2537"]
[Annotator "TA"]
[PlyCount "162"]
[EventDate "2020.01.25"]
[EventType "swiss"]
[EventCountry "RUS"]
[SourceTitle "playchess.com"]
[Source "ChessBase"]
[SourceQuality "1"]

{[%evp 16,162,11,10,11,11,12,0,0,0,33,-17,0,0,7,-32,-22,-109,0,0,0,-86,32,-66,-61,-46,-55,-139,-134,-138,-126,-102,-94,-134,-53,-55,-51,-45,17,9,74,85,73,0,62,69,126,70,422,416,525,39,40,39,59,35,36,45,37,39,45,10,12,19,10,9,56,0,40,12,39,20,10,0,0,0,0,0,0,0,0,0,147,43,24,0,0,0,30,4,4,-74,-97,-152,-134,-250,-248,-232,-247,-212,-214,-318,-267,-156,-150,-180,-181,-182,-175,-141,-152,-144,0,-61,0,-139,-150,-139,-114,-112,-51,-268,-256,-422,-437,-543,-199,-547,-419,-1083,-1008,-1043,-932,-1152,-1060,-1000,-801,-770,-675,-4841,-4841,-3169,-2685,-1824,-1552,-29972,-29973,-29967,-29961]} 1. e4 c5 2. Nf3 d6 3. d4 cxd4 4. Nxd4 Nf6 5. Nc3 a6 6. Bg5 e6 7. f4 h6 8. Bh4 Qb6 9. a3 Be7 {B96: Sicilian Najdorf: 6 Bg5 e6 7 f4, lines other than 7...Qb6 and 7...Be7} 10. Bf2 {And now Nxe6! would win.} Qc7 11. Qf3 Nbd7 {The position is equal.} 12. O-O-O b5 13. Bd3 (13. g4 Bb7 14. h4 Nc5 15. Bd3 h5 16. g5 Ng4 17. Rhg1 {½-½ (25) Grischuk,A (2766)-Vachier Lagrave,M (2779) Saint Louis 2018}) 13... Bb7 14. Rhe1 Rc8 15. Kb1 Qb8 $146 ({Predecessor:} 15... Qa5 16. Nb3 Qc7 17. Qh3 {1-0 (74) Sanchez,S (2388)-Hernandez,C (2236) Medellin 2017}) 16. Qg3 (16. Bf1 $11 {keeps the balance.}) 16... Nh5 (16... Rxc3 $1 $17 17. bxc3 O-O) 17. Qf3 (17. Qg4 $11 Nhf6 18. Qg3 (18. Qxg7 Rg8 $17)) 17... Nhf6 $17 18. Qg3 O-O (18... Rxc3 $1 $17 19. bxc3 O-O) 19. e5 (19. Nd5 $1 $14 Bd8 20. Nxf6+ Bxf6 21. c3) 19... Nh5 $15 20. Qg4 Nxf4 21. Qxf4 (21. Nf5 $1 $15 exf5 22. Qxf4 Nxe5 23. Qxf5 Nxd3 24. Qxd3) 21... dxe5 $17 22. Qg4 Nf6 23. Qh3 {aiming for Nxe6!} exd4 24. Bxd4 Rcd8 (24... Qf4 $17 25. g3 Qc7) 25. Be5 $15 Qc8 26. Re3 Qc5 (26... Nh7 $15) 27. Rde1 Ne8 {[#]} (27... a5 $11) 28. Rg3 $1 $16 {[%mdl 512] White threatens Qxh6 and mate.} Rxd3 29. cxd3 ({White should try} 29. Rxd3 $16 Nd6 30. Qg4) 29... Kh7 (29... Bg5 $11) 30. Qg4 $14 Rg8 (30... g5 $14) 31. Bd4 (31. Rf1 $16 Qxe5 32. Rxf7 Qe1+ 33. Kc2) 31... Qd6 $2 {[%mdl 8192]} (31... Qc8 $1 $14) 32. Rf1 $1 $18 {[%cal Rf1f7]} f6 33. Ne4 $2 ({Weaker is} 33. Re1 e5 $16) (33. Qg6+ $1 $18 Kh8 34. Be3) 33... Bxe4 $1 $14 34. Qxe4+ f5 35. Qe5 Qd7 $1 {White must now prevent ...Bf6.} 36. Bc5 {Strongly threatening Bxe7.} Bf6 37. Qe2 Nc7 38. Rc1 Nd5 39. d4 Re8 40. Rf3 a5 (40... Bg5 $5 {[%cal Rg5c1]}) 41. Qc2 (41. Re1 $14) 41... Kg8 (41... Bg5 $5 {[%cal Rg5c1]}) 42. Qb3 Kh8 43. h3 b4 44. a4 Bg5 45. Re1 Nf6 46. Rd3 Ne4 47. Re2 Rd8 48. Rc2 Bf4 {[#]} (48... Rc8 $11) 49. Bb6 (49. d5 $1 $16 {[%mdl 512]}) 49... Rb8 $1 {[%cal Rb8b6]} 50. Bc5 (50. Bxa5 {is more complex.} Bd6 51. g4 f4 52. Qc4 Qxa4 53. Qxe6 Bf8 54. Qxe4 b3 55. Rxb3 Qxb3 56. Bc7) 50... Kh7 51. Ka1 Qe8 52. d5 exd5 53. Rxd5 (53. g4 $11 {remains equal.}) 53... Qe6 $1 $17 {...Nc3! is the strong threat.} 54. Ka2 (54. g3 $142 Rd8 55. Rd3 Qxb3 56. Rxb3) 54... Rc8 55. Qc4 (55. g4 $17 fxg4 56. hxg4) 55... Rxc5 $19 56. Rxc5 Nxc5 57. Qxe6 Nxe6 58. Rc6 {[#]} (58. Rc8 $142) 58... b3+ $1 59. Kb1 (59. Kxb3 Nd4+) 59... Ng5 60. Rc5 {[#]} Bd2 $1 61. Rxf5 Kg6 62. Rd5 Bb4 63. Re5 Bd2 ({Better is} 63... Kf6 $17 64. Re3 Ne6 65. Rxb3 Nf4) 64. Rb5 ({White should play} 64. Rd5 $11 Ne4 65. Re5 (65. Rd4 $2 Kf5 $19)) 64... Bb4 (64... Kf6 $15 65. Rxb3 Bb4) 65. Re5 $1 $17 Kf6 66. Re3 Ne6 67. Rxb3 Nf4 68. Rg3 $2 {[#]} (68. Ka2 $1 $15) 68... g5 $1 $19 69. Kc2 $2 (69. Rf3 Ke5 70. Rf2) 69... Kf5 70. Kb3 Ke4 $2 (70... h5 71. Kc4 g4 72. hxg4+ hxg4) 71. Kc4 $2 (71. Rg4 {was the crucial defense.}) 71... Be1 72. Rb3 (72. Rf3 $142 Nxg2 73. Rf8) 72... Nxg2 73. Rb6 Ne3+ 74. Kb5 h5 75. Rh6 h4 76. Rf6 Bb4 77. Rg6 Kf4 78. Rf6+ Kg3 79. Re6 Nf5 {Threatens to win with ...Nd4+.} 80. Re5 Kxh3 81. Rxf5 g4 {Accuracy: White = 33%, Black = 55%.} 0-1

[Event "Moscow Open RSSU Cup 2020"]
[Site "Moscow"]
[Date "2020.01.26"]
[Round "2.8"]
[White "Lintchevski, Daniil"]
[Black "Zakaryan, David"]
[Result "1-0"]
[WhiteElo "2536"]
[BlackElo "2339"]
[Annotator "TA"]
[PlyCount "61"]
[EventDate "2020.01.25"]
[EventType "swiss"]
[EventCountry "RUS"]
[SourceTitle "playchess.com"]
[Source "ChessBase"]
[SourceQuality "1"]

{[%evp 9,61,15,62,41,54,37,79,65,95,108,122,98,114,115,128,113,145,102,123,97,87,79,77,62,142,122,133,141,133,132,193,193,201,194,202,197,212,185,266,267,275,265,301,294,458,452,480,467,785,782,718,716,663,640]} 1. e4 c5 2. Nf3 d6 3. d4 Nf6 4. dxc5 Nxe4 5. cxd6 Qxd6 (5... Nc6 6. Bd3 Nxd6 7. O-O g6 8. Re1 Bg7 9. c3 O-O 10. h3 Bf5 11. Bxf5 Nxf5 12. Nbd2 Qc7 13. Ne4 Rad8 14. Qe2 b6 15. g4 Nd6 16. Bf4 e5 17. Nxd6 Rxd6 18. Nxe5 {0-1 (32) Anand,V (2786)-Nepomniachtchi,I (2751) Zuerich 2017}) 6. Qxd6 {B53: Sicilian: 2...d6: Lines with Qxd4} Nxd6 7. Nc3 Bf5 8. Nd5 $146 {[#] aiming for Nc7+.White is better.} ({Predecessor:} 8. Nb5 Nxb5 9. Bxb5+ Bd7 10. Bxd7+ Nxd7 {½-½ (10) Djordjevic,R (2146)-Radenkovic,D (2140) Serbia 2012}) 8... Kd8 9. Bf4 Be4 10. O-O-O Bxf3 11. gxf3 Nd7 12. Bh3 {[#] And now Nxe7! would win.} e6 13. Nc3 {[%cal Bd5c3,Bc3e4,Be4g5][%mdl 32]} Ne8 14. Ne4 {Ng5 is the strong threat.} Nef6 15. Ng5 Ke8 16. Rhe1 $36 {[%mdl 2048] White has some pressure.} Nc5 (16... Nb6 $1 $14) 17. b4 $16 h6 18. Nxf7 $1 Kxf7 19. bxc5 Bxc5 (19... Re8 $16) 20. Bxe6+ $18 Kf8 21. Bb3 Re8 22. Be5 a6 23. f4 Be7 (23... Ba3+ {is a better defense.} 24. Kb1 Ng4) 24. f3 h5 25. h4 Rh6 26. f5 Ng8 (26... b5 $142 27. Kb1 a5) 27. Rd7 {White is clearly winning.} Rb6 28. Bd4 Bg5+ (28... Rc6 $142 29. Rxb7 Ba3+ {[%mdl 64] Discovered Attack} 30. Kd2 Ne7) 29. hxg5 {[%csl Gd7][%cal Rd4g7]} Rxe1+ 30. Kd2 Rxb3 31. cxb3 {Accuracy: White = 82%, Black = 42%.} 1-0

[Event "Moscow Open RSSU Cup 2020"]
[Site "Moscow"]
[Date "2020.01.26"]
[Round "2.9"]
[White "Smirnov, Timofey"]
[Black "Khegay, Dmitriy"]
[Result "1-0"]
[WhiteElo "2360"]
[BlackElo "2533"]
[Annotator "TA"]
[PlyCount "97"]
[EventDate "2020.01.25"]
[EventType "swiss"]
[EventCountry "RUS"]
[SourceTitle "playchess.com"]
[Source "ChessBase"]
[SourceQuality "1"]

{[%evp 15,97,14,14,28,27,-5,0,0,-2,-11,-11,0,6,-27,-22,-50,-51,-72,-40,-45,-21,-20,-39,-31,-21,-27,0,-12,87,85,136,14,37,15,48,47,56,0,0,0,58,-9,-12,-14,-8,-12,0,0,0,0,0,0,0,0,22,0,27,0,0,0,0,0,0,0,0,0,0,0,16,14,69,68,63,29,241,95,29972,29970,29969,29969,29967,29967,29968,5065]} 1. e4 e6 2. d4 d5 3. Nc3 Bb4 4. e5 c5 5. a3 Bxc3+ 6. bxc3 Qa5 7. Bd2 Qa4 8. Qb1 c4 9. Ne2 {C18: French: 3 Nc3 Bb4: Main line: 7 h4 and 7 Qg4} f6 (9... Nc6 10. g3 Nge7 11. h4 f6 12. exf6 gxf6 13. Bh3 e5 14. Bxc8 Rxc8 15. g4 Rc7 16. Qd1 Rf8 {½-½ (36) Kobalia,M (2609)-Vallejo Pons,F (2704) Moscow 2019}) 10. exf6 Nxf6 11. Ng3 {The position is equal.} Nc6 12. Be2 O-O 13. O-O b6 14. h4 $146 ({Predecessor:} 14. Qc1 Bd7 15. Bf4 Be8 16. Bd6 Rf7 {1-0 (63) Soumya,S (2379)-Hojjatova,A (2339) Baku 2016}) 14... Bd7 15. h5 h6 16. Qc1 Rae8 17. Bf4 e5 18. dxe5 Nxe5 19. Qd2 Bc8 20. Rfe1 Nf7 21. Be3 Bg4 (21... Be6 $11 {keeps the balance.}) 22. Bd4 $1 $16 Bxe2 {[#]} ({Black should play} 22... Be6) 23. Rxe2 (23. Bxf6 $1 $16 gxf6 24. Nxe2) 23... Rxe2 24. Qxe2 {Hoping for Bxf6.} Re8 25. Qf3 Ne5 26. Qf4 (26. Qf5 $1 $14 Qd7 27. Qxd7 Nfxd7 28. f3) 26... Ned7 $11 27. Qf5 Qc6 (27... Qb5 $11) 28. Bxf6 ({White should try} 28. a4 $14) 28... Nxf6 29. Qg6 Qd7 30. Nf5 Re5 31. Nxh6+ $1 Kf8 32. f3 Rxh5 (32... Qe6 $5 33. Ng4 $8 Re1+ 34. Rxe1 Qxe1+ {[%mdl 64] Double Attack} 35. Kh2 Qh4+ 36. Kg1 Qe1+ 37. Kh2 Qh4+ 38. Kg1 Qe1+ $11) 33. Ng4 Qe7 {And now ...Qc5+ would win.} 34. Rf1 Qf7 (34... Qc5+ {is more complex.} 35. Rf2 Qe7 36. Nxf6 Qe1+ 37. Rf1 Qe3+) 35. Qxf7+ Kxf7 36. Nxf6 (36. Ne3 {feels hotter.} Ng8 37. g4 Re5 38. Kf2 Ne7 39. f4) 36... gxf6 {[%mdl 4096] Endgame KR-KR} 37. g4 Rh8 38. Rd1 Ke6 39. Re1+ Kd6 40. Kg2 Rc8 41. f4 Kc5 42. Kf3 Rh8 (42... Rf8 $11) 43. g5 $1 $14 {[%cal Rg5f6]} fxg5 44. fxg5 Rh3+ $2 (44... Rg8 $1 $11 {and Black has nothing to worry.}) 45. Kg4 (45. Kf4 $18) 45... Rxc3 $2 {[%mdl 8192] [#]} (45... Rh2 $16) 46. g6 $1 {[%cal Rg6g7] White mates.} Rxc2 47. Kf3 Rc3+ 48. Kf2 Rc2+ 49. Re2 {Accuracy: White = 53%, Black = 28%.} 1-0

[Event "Moscow Open RSSU Cup 2020"]
[Site "Moscow"]
[Date "2020.01.26"]
[Round "2.10"]
[White "Vdovin, Vadim"]
[Black "Iljiushenok, Ilia"]
[Result "1/2-1/2"]
[WhiteElo "2355"]
[BlackElo "2519"]
[Annotator "TA"]
[PlyCount "81"]
[EventDate "2020.01.25"]
[EventType "swiss"]
[EventCountry "RUS"]
[SourceTitle "playchess.com"]
[Source "ChessBase"]
[SourceQuality "1"]

{[%evp 11,81,15,12,20,14,6,11,10,22,22,24,13,21,45,46,50,39,43,43,30,46,18,15,22,11,5,14,8,13,0,14,8,13,12,17,15,15,15,15,7,14,0,16,0,0,0,0,0,0,0,0,0,0,0,0,0,0,0,0,0,0,0,0,0,0,0,0,0,0,0,0,0]} 1. e4 e6 2. d4 d5 3. Nd2 c5 4. Ngf3 cxd4 5. Nxd4 Nf6 6. exd5 Qxd5 7. Nb5 {C07: French Tarrasch: 3...c5, 4 Ngf3 and 4 exd5 Qxd5} Na6 8. Nc3 (8. Be2 Be7 9. O-O O-O 10. a4 Qd8 11. Nc4 Nc5 12. Bf4 Nd5 13. Be5 b6 14. Bf3 Bb7 {½-½ (35) Svidler,P (2737)-Goganov,A (2612) St Petersburg 2018}) 8... Qd8 9. a3 Be7 10. Qf3 Nc7 11. Bd3 O-O 12. O-O Ncd5 13. Nde4 Nxe4 14. Bxe4 $146 {[%cal Rc3d5]} ({Predecessor:} 14. Nxe4 f5 {1-0 (37) Madiai,F (2234)-Voloshin,P (2015) Barcelona 2014}) 14... Nxc3 15. Qxc3 Bf6 16. Qb3 (16. Qf3 {feels hotter.} Qc7 17. Bf4 e5 18. Bd2 Rb8 19. Rad1) 16... Qc7 {The position is equal.} 17. Rd1 Rb8 18. Bd2 (18. Be3 {looks sharper.} b6 19. Bd4 e5 20. Bc3 Be6 21. Bd5) 18... Be5 19. g3 Bd7 20. Ba5 b6 21. Bb4 {Threatens to win with Bxh7+!} Rfd8 $1 22. f4 a5 $1 23. fxe5 {aiming for Bd6.} axb4 24. Qxb4 Qxe5 25. Rd6 {And now Rad1 would win.} Be8 26. Rad1 ({Not} 26. Rxb6 $2 f5 $19) 26... Rxd6 27. Qxd6 Qxe4 28. Qxb8 $11 {[%cal Rb8e8][%mdl 4096] Endgame KQR-KQB} Qe3+ 29. Kf1 {[%cal Rb8e8]} Qf3+ {[%mdl 64] [#] Double Attack} 30. Ke1 {[%cal Rb8e8]} Qe3+ 31. Kf1 {[%cal Rb8e8]} Qf3+ {[%mdl 64] Double Attack} 32. Ke1 {[%cal Rb8e8]} Qe3+ 33. Kf1 {[%cal Rb8e8]} Qf3+ {[%mdl 64] [#] Double Attack} 34. Ke1 {[%cal Rb8e8]} Qe3+ 35. Kf1 {[%cal Rb8e8]} Qf3+ {[%mdl 64] Double Attack} 36. Ke1 {[%cal Rb8e8]} Qe3+ 37. Kf1 {[%cal Rb8e8]} Qf3+ {[%mdl 64] Double Attack} 38. Ke1 {[%cal Rb8e8]} Qe3+ 39. Kf1 {[%cal Rb8e8]} Qf3+ {[%mdl 64] Double Attack} 40. Ke1 {[%cal Rb8e8]} Qe3+ 41. Kf1 {Accuracy: White = 74%, Black = 78%.} 1/2-1/2